Normal view
MARC view
- O'Neill, Michael,
Entry Personal Name
001 - CONTROL NUMBER
- control field: 12341
003 - CONTROL NUMBER IDENTIFIER
- control field: NUST
005 - DATE AND TIME OF LATEST TRANSACTION
- control field: 20181010071721.0
008 - FIXED-LENGTH DATA ELEMENTS
- fixed length control field: 181010|| aca||aabn | a|a d
040 ## - CATALOGING SOURCE
- Original cataloging agency: NUST
- Transcribing agency: NUST
100 ## - HEADING--PERSONAL NAME
- Personal name: O'Neill, Michael,
- Dates associated with a name: 1953-
670 ## - SOURCE DATA FOUND
- Source citation: Work cat.: (NUST)0: The poems of W.B. Yeats :, 2004.
